|
|
|
|
| LEADER |
00000nab a2200000 a 4500 |
| 001 |
vtls000000583 |
| 003 |
SK-MaSNL |
| 005 |
20260304063253.0 |
| 008 |
250422c1978 xo 0 slo |
| 015 |
|
|
|a SNBRB19rr/mm-uuuuu
|
| 035 |
|
|
|a CL0010675
|
| 035 |
|
|
|a urn:nbn:sk:snk-ab2rii
|
| 035 |
|
|
|a (urnnbn)urn:nbn:sk:snk:ar-a02udh
|
| 035 |
|
|
|a (uuid)d2af7dd5-a9a6-4822-99cc-655c24d743c8
|
| 040 |
|
|
|a SNKBUCL
|b slo
|c SNKBUCL
|e AACR2
|
| 041 |
0 |
|
|a cze
|
| 044 |
|
|
|a xo
|c SK
|
| 080 |
|
|
|a 624
|2 1981
|
| 100 |
1 |
|
|a Lazar, Josef
|4 aut
|9 452975
|
| 245 |
1 |
0 |
|a Soudržnost lan v předem předpjatém betonu
|c Josef Lazar, Vojtěch Mencl
|
| 650 |
0 |
7 |
|a predpätý betón
|2 snkbucl
|9 100801
|
| 650 |
0 |
7 |
|a laná
|2 snkbucl
|9 303655
|
| 650 |
0 |
7 |
|a súdržnosť
|2 snkbucl
|9 1093436
|
| 655 |
|
7 |
|a články z novín a časopisov
|2 snkbucl
|9 267496
|
| 700 |
1 |
|
|a Mencl, Vojtěch,
|d 1936-2013
|4 aut
|9 250487
|
| 773 |
0 |
|
|t Inženýrské stavby
|g Roč. 26, č. 4 (1978), s. 185-189
|
| 850 |
|
|
|a Slovenská národná knižnica
|
| 852 |
|
|
|a Slovenská národná knižnica
|
| 954 |
|
|
|a odborná, vedecká literatúra cudzojazyčná (svetová)
|2 lita
|
| 958 |
|
|
|a article2022
|
| 958 |
|
|
|a RK
|
| 958 |
|
|
|a OND
|
| 958 |
|
|
|a EUIPO
|
| 992 |
|
|
|a RBX
|
| 999 |
|
|
|c 2741908
|d 2743838
|